Vliv daní a sociálních transferů na rozdělení příjmů v České republice
Empirická analýza vplyvu daní a sociálnych transférov na rozdelenie príjmov v ČR v rokoch 1999 a 2002. Vybrané metodologické problémy skúmania redistribučných efektov verejných rozpočtov.
Salvato in:
| Autore principale: | |
|---|---|
| Altri autori: | |
| Natura: | Capitolo di libro |
| Lingua: | ceco |
| Soggetti: | |
| Tags: |
Nessun Tag, puoi essere il primo ad aggiungerne!!
|
MARC
| LEADER | 00000naa$a2200000$$$4500 | ||
|---|---|---|---|
| 001 | 0027164 | ||
| 005 | 20231114081640.4 | ||
| 041 | 0 | |a cze | |
| 044 | |a CZ | ||
| 245 | 1 | 0 | |a Vliv daní a sociálních transferů na rozdělení příjmů v České republice |c Stanislav Klazar, Barbora Slintáková |
| 520 | |a Empirická analýza vplyvu daní a sociálnych transférov na rozdelenie príjmov v ČR v rokoch 1999 a 2002. Vybrané metodologické problémy skúmania redistribučných efektov verejných rozpočtov. | ||
| 610 | 2 | 0 | |a financie verejné |
| 610 | 2 | 0 | |a dane |
| 610 | 2 | 0 | |a príjmy rozpočtu štátneho |
| 610 | 2 | 0 | |a výdavky daňové |
| 610 | 2 | 0 | |a výdavky rozpočtu štátneho |
| 610 | 2 | 0 | |a výdavky verejné |
| 610 | 2 | 0 | |a redistribúcia zdrojov finančných |
| 610 | 2 | 0 | |a Česko |
| 100 | 1 | |a Klazar, Stanislav | |
| 700 | 1 | |a Slintáková, Barbora | |